[Event "45th ch-RSA 2011"]
[Site "Cape Town RSA"]
[Date "2011.11.29"]
[Round "5"]
[White "Steel,H"]
[Black "Klaver,C"]
[Result "1/2-1/2"]
[WhiteTitle "FM"]
[WhiteElo "2388"]
[BlackElo "2098"]
[WhiteFideId "14300567"]
[BlackFideId "14301725"]
[EventDate "2011.11.26"]
[EventType "tourn"]

1. e4 c5 2. Nf3 Nc6 3. d4 cxd4 4. Nxd4 Nf6 5. Nc3 e5 6. Ndb5 h6 7. Nd5 Nxd5 8.
exd5 a6 9. dxc6 axb5 10. cxd7+ Bxd7 11. Qd5 Qc7 12. Bd2 Bc5 13. Bd3 O-O 14. O-O
Be6 15. Qf3 Rad8 16. Bc3 Bd4 17. Bxd4 Rxd4 18. Rfe1 f6 19. c3 Rf4 20. Qe3 Qc6
21. g3 Ra4 22. a3 Bb3 23. Qe2 Bc4 24. Rad1 Raa8 25. Qe4 Bxd3 26. Rxd3 Qxe4 27.
Rxe4 Rfd8 28. Rxd8+ Rxd8 29. Rb4 Rd5 30. Kf1 Kh7 31. Ke2 Kg6 32. c4 bxc4 33.
Rxc4 Rd7 34. Ke3 Kf5 35. Rb4 h5 36. h3 Kg5 37. f3 Kf5 38. Rb6 Kg5 39. h4+ Kf5
40. b4 Rc7 41. a4 g5 42. a5 g4 43. fxg4+ Kxg4 44. Rxf6 Kxg3 45. Rf5 Rc4 46. Rxh5
Rxb4 47. Rxe5 b6 48. a6 Ra4 49. h5 Rxa6 50. h6 Ra8 51. Rg5+ Kh4 52. Rg1 Kh5 53.
h7 Rh8 54. Kd4 Rxh7 55. Rh1+ Kg6 56. Rxh7 Kxh7 57. Kc4 1/2-1/2

[Event "45th ch-RSA 2011"]
[Site "Cape Town RSA"]
[Date "2011.11.29"]
[Round "5"]
[White "Dole,A"]
[Black "Van den Heever,D"]
[Result "0-1"]
[BlackTitle "CM"]
[WhiteElo "2113"]
[BlackElo "2287"]
[WhiteFideId "14301490"]
[BlackFideId "14300494"]
[EventDate "2011.11.26"]
[EventType "tourn"]

1. e4 d6 2. d4 Nf6 3. Nc3 g6 4. Nf3 Bg7 5. Be2 O-O 6. O-O c5 7. e5 dxe5 8. dxc5
Nc6 9. Bg5 Bf5 10. Bxf6 Bxf6 11. Nd5 e4 12. Nxf6+ exf6 13. Nd2 Qd4 14. c3 Qxc5
15. g4 Rad8 16. Qe1 Bxg4 17. Nxe4 Qf5 18. Ng3 Qf4 19. Bxg4 Qxg4 20. Qe4 Qxe4 21.
Nxe4 f5 22. Nc5 Rd2 23. b4 b6 24. Nb3 Rd3 25. Rac1 Rfd8 26. Rfe1 f6 27. Re6 R8d6
28. Re8+ Kf7 29. Rh8 Kg7 30. Rc8 f4 31. Kg2 f3+ 32. Kg3 h5 33. h4 Ne5 34. Nd4
Rd7 35. Re1 R3xd4 36. cxd4 Rxd4 37. a3 Rg4+ 38. Kh3 Kf7 39. Rc3 a6 40. Rcc1 Rg2
41. Rc2 g5 42. hxg5 Nd3 43. Re4 fxg5 44. Rc7+ Kf6 45. Rc6+ Kf5 46. Rc5+ bxc5 47.
Rf4+ Nxf4# 0-1

[Event "45th ch-RSA 2011"]
[Site "Cape Town RSA"]
[Date "2011.11.30"]
[Round "6"]
[White "Hercules,B"]
[Black "Van den Heever,D"]
[Result "0-1"]
[BlackTitle "CM"]
[WhiteElo "2056"]
[BlackElo "2287"]
[WhiteFideId "14301938"]
[BlackFideId "14300494"]
[EventDate "2011.11.26"]
[EventType "tourn"]

1. d4 d5 2. c4 e5 3. dxe5 d4 4. Nf3 Nc6 5. g3 Bg4 6. Bg2 Qd7 7. O-O h5 8. h4
O-O-O 9. Nbd2 d3 10. exd3 g5 11. Qa4 gxh4 12. Nxh4 Bh3 13. Bxc6 Qxc6 14. Qxc6
bxc6 15. Re1 Rxd3 16. Kh2 Be6 17. b3 Bb4 18. Re2 Nh6 19. f3 Nf5 20. Nxf5 Bxf5
21. a3 Bc3 22. Ra2 Bxd2 23. Bxd2 Rxb3 24. Re3 Rb1 25. Re1 Rb8 26. Bg5 Rg8 27.
Be7 Rb3 28. Kg2 Rc3 29. Rh1 Be6 30. Rxh5 Bxc4 31. Rf2 Bd5 32. Rf5 Kb7 33. Bb4
Rb3 34. Rf6 Kb6 35. Rd2 Kb7 36. Rf5 Ra8 37. g4 a5 38. Bc5 Rc3 39. Be7 Re8 40.
Bf6 Rxa3 41. Rb2+ Kc8 42. Kf2 a4 43. Rf4 Kd7 44. Rbb4 Ra8 45. e6+ Bxe6 46. Ke2
c5 47. Rb2 Kc6 48. Re4 Bd5 49. Re3 Rb3 50. Rexb3 axb3 51. f4 Bc4+ 52. Kd2 Re8
53. Kc1 Re3 54. Rd2 Rg3 55. g5 Bd3 56. Kb2 c4 57. Be5 Kb5 58. Bxc7 Rg1 59. Be5
Kb4 60. Bc3+ Ka4 61. Be5 Rb1+ 62. Kc3 Kb5 63. Rb2 Re1 64. Bg7 Bc2 65. Bd4 Rd1 0-1

[Event "45th ch-RSA 2011"]
[Site "Cape Town RSA"]
[Date "2011.11.30"]
[Round "6"]
[White "Klaver,C"]
[Black "Dole,A"]
[Result "0-1"]
[WhiteElo "2098"]
[BlackElo "2113"]
[WhiteFideId "14301725"]
[BlackFideId "14301490"]
[EventDate "2011.11.26"]
[EventType "tourn"]

1. d4 d5 2. c4 c6 3. Nc3 Nf6 4. Nf3 dxc4 5. a4 Bf5 6. e3 e6 7. Bxc4 Bb4 8. O-O
O-O 9. Qb3 Qe7 10. Bd2 Nbd7 11. Rfe1 Bg4 12. Ne4 Nxe4 13. Bxb4 c5 14. dxc5 Bxf3
15. gxf3 Ng5 16. Kf1 Nxc5 17. Ke2 Qf6 18. Bxc5 Qxf3+ 19. Kf1 Ne4 20. Qc2 Nxc5
21. b4 Ne4 22. Bd3 Nf6 23. Kg1 Qg4+ 24. Kh1 Qxb4 25. Rg1 Rac8 26. Qe2 Qe7 27.
Qf3 e5 28. Bf5 Rcd8 29. Rab1 e4 30. Qg3 g6 31. Rgc1 b6 32. Bh3 Nd5 33. Bg2 f5
34. h4 f4 35. exf4 Rxf4 36. Rd1 Qxh4+ 37. Kg1 Qxg3 38. fxg3 Rff8 39. Bxe4 Nc3
40. Rxd8 Rxd8 41. Rb4 Nxe4 42. Rxe4 0-1

[Event "45th ch-RSA 2011"]
[Site "Cape Town RSA"]
[Date "2011.11.30"]
[Round "6"]
[White "Mosetlhe,K"]
[Black "Steel,H"]
[Result "0-1"]
[BlackTitle "FM"]
[WhiteElo "2138"]
[BlackElo "2388"]
[WhiteFideId "14301610"]
[BlackFideId "14300567"]
[EventDate "2011.11.26"]
[EventType "tourn"]

1. d4 Nf6 2. c4 g6 3. g3 Bg7 4. Bg2 d5 5. Nf3 dxc4 6. Qa4+ Nfd7 7. Nc3 Nc6 8.
Qxc4 Nb6 9. Qd3 Nxd4 10. Nxd4 Qxd4 11. Qc2 O-O 12. O-O c6 13. a4 Qc4 14. e4 a5
15. Be3 Qb4 16. Ne2 Nc4 17. Bd4 Bxd4 18. Nxd4 Nd2 19. Rfd1 Qxd4 20. Rxd2 Qb6 21.
h4 Be6 22. Kh2 Rad8 23. Rxd8 Rxd8 24. f4 Qd4 25. f5 Bc4 26. Qc1 Be2 27. Qg5 f6
28. Qf4 Qe5 29. Qe3 Bc4 30. fxg6 hxg6 31. Rc1 Rd3 32. Qf2 Be6 33. Rc5 Qd4 34.
Qxd4 Rxd4 35. Rxa5 Rb4 36. Ra8+ Kf7 37. a5 Rxb2 38. Kg1 Bc4 39. Rb8 Bd3 40. Rh8
c5 41. Rc8 c4 42. e5 Rb5 43. exf6 Kxf6 44. Kf2 Rb2+ 45. Kf3 Ke5 46. Bh3 Be4+ 47.
Ke3 Rb3+ 48. Kd2 Rd3+ 0-1

[Event "45th ch-RSA 2011"]
[Site "Cape Town RSA"]
[Date "2011.11.30"]
[Round "6"]
[White "Bouah,L"]
[Black "Cawdery,D"]
[Result "0-1"]
[WhiteTitle "CM"]
[BlackTitle "CM"]
[WhiteElo "2148"]
[BlackElo "2269"]
[WhiteFideId "14300052"]
[BlackFideId "14300249"]
[EventDate "2011.11.26"]
[EventType "tourn"]

1. d4 Nf6 2. c4 g6 3. Nc3 Bg7 4. e4 d6 5. f3 O-O 6. Be3 c5 7. dxc5 dxc5 8. Qxd8
Rxd8 9. Bxc5 Nc6 10. Rd1 Rxd1+ 11. Kxd1 Nd7 12. Ba3 Bxc3 13. bxc3 Nde5 14. Ne2
Nxc4 15. Bc1 e5 16. Ng3 Be6 17. Bd3 Nb6 18. a3 Na4 19. Bd2 Rd8 20. Ke2 a6 21.
Rc1 b5 22. Be3 Na5 23. Nf1 Nb3 0-1

[Event "45th ch-RSA 2011"]
[Site "Cape Town RSA"]
[Date "2011.12.01"]
[Round "7"]
[White "Klaasen,C"]
[Black "Hercules,B"]
[Result "1/2-1/2"]
[WhiteElo "2093"]
[BlackElo "2056"]
[WhiteFideId "14300133"]
[BlackFideId "14301938"]
[EventDate "2011.11.26"]
[EventType "tourn"]

1. d4 d5 2. c4 c6 3. Nf3 e6 4. Qc2 Nf6 5. g3 Be7 6. Bg2 O-O 7. O-O Nbd7 8. Rd1
b6 9. b3 Bb7 10. Nc3 Rc8 11. e4 dxe4 12. Nxe4 c5 13. Nfg5 Nxe4 14. Nxe4 cxd4 15.
Rxd4 e5 16. Rd1 Qc7 17. Nc3 Bxg2 18. Kxg2 Nf6 19. Bg5 Qc6+ 20. Kg1 Bc5 21. Qf5
Bd4 22. Rac1 Qe6 23. Qxe6 fxe6 24. Bxf6 gxf6 25. Nb5 Bc5 26. Rd7 Rf7 27. Rcd1 a6
28. Rxf7 Kxf7 29. Nd6+ Bxd6 30. Rxd6 b5 31. cxb5 axb5 32. Rb6 Rc5 33. Rb7+ Kg6
34. Kf1 e4 35. h4 h6 36. b4 Rd5 37. Ke2 Kf5 38. a3 h5 39. Rh7 Kg6 40. Rc7 e5 41.
Rc3 Kf5 42. Rc6 Rd3 43. Ra6 Rb3 44. Kd2 e3+ 45. fxe3 Ke4 46. a4 Rxb4 47. axb5
Rb2+ 48. Kc3 Rxb5 49. Rxf6 Kxe3 50. Rf5 Rc5+ 51. Kb4 Kd4 52. Rxh5 Rc4+ 53. Kb5
e4 54. Rh8 Rc5+ 55. Kb4 1/2-1/2

[Event "45th ch-RSA 2011"]
[Site "Cape Town RSA"]
[Date "2011.12.01"]
[Round "7"]
[White "Ovcina,D"]
[Black "Van Rensburg,R"]
[Result "0-1"]
[WhiteElo "2249"]
[BlackElo "2103"]
[WhiteFideId "14300460"]
[BlackFideId "14301261"]
[EventDate "2011.11.26"]
[EventType "tourn"]

1. c4 Nf6 2. Nc3 Nc6 3. g3 e5 4. Bg2 Bb4 5. Nd5 Nxd5 6. cxd5 Ne7 7. Nf3 Ng6 8.
O-O O-O 9. e4 d6 10. d3 f5 11. Ng5 f4 12. h4 Qf6 13. Ne6 Bxe6 14. dxe6 Bc5 15.
Qg4 h5 16. Qxh5 fxg3 17. Bg5 Bxf2+ 18. Kh1 Qxe6 19. Rac1 c6 20. b3 Rf7 21. Rc2
Raf8 22. b4 Nf4 23. Qd1 g6 24. Rb2 Kg7 25. a4 Rh8 26. Rbxf2 gxf2 27. Rxf2 Nxg2
28. Rxg2 Qh3+ 29. Kg1 Rhf8 0-1

[Event "45th ch-RSA 2011"]
[Site "Cape Town RSA"]
[Date "2011.12.01"]
[Round "7"]
[White "Steel,H"]
[Black "Bouah,L"]
[Result "1-0"]
[WhiteTitle "FM"]
[BlackTitle "CM"]
[WhiteElo "2388"]
[BlackElo "2148"]
[WhiteFideId "14300567"]
[BlackFideId "14300052"]
[EventDate "2011.11.26"]
[EventType "tourn"]

1. e4 Nf6 2. e5 Nd5 3. d4 d6 4. Nf3 Bg4 5. Be2 c6 6. O-O Bxf3 7. Bxf3 dxe5 8.
dxe5 e6 9. Qe2 Nd7 10. c4 Ne7 11. Bd2 Qc7 12. Bc3 Ng6 13. Re1 O-O-O 14. b4 Be7
15. Na3 a5 16. Nc2 axb4 17. Bd4 Ndxe5 18. Bxe5 Nxe5 19. Qxe5 Qxe5 20. Rxe5 Bf6
21. Rae1 Bxe5 22. Rxe5 Rd2 23. Nxb4 Rb2 24. Nd3 Rxa2 25. Kf1 Rd8 26. Be2 Rd4 27.
Ne1 Rdd2 28. f4 Kd7 29. Re3 Kd6 30. Nf3 Rdb2 31. Ng5 f6 32. c5+ Kd7 33. Nxe6 Rc2
34. Nxg7 Rxc5 35. Bg4+ Kd6 36. Ne8+ Kd5 37. Nxf6+ Kd4 38. Re4+ Kd3 39. Be2+ Kd2
40. Rd4+ Kc1 41. Ne4 Rd5 42. Rxd5 cxd5 43. Nc3 Ra5 44. Nb5 Kd2 45. Kf2 Ra4 46.
g3 d4 47. f5 d3 48. Bf3 Ra6 49. g4 Rb6 50. Nd4 Kc3 51. Ke3 d2 52. g5 Rb4 53. Ne6
Kc2 54. Be2 Rb1 55. Bh5 Rh1 56. Nd4+ Kc3 57. f6 Rxh2 58. Bd1 Rh1 59. f7 Rxd1 60.
Ne2+ Kc2 61. f8=Q Re1 62. Qc5+ 1-0

[Event "45th ch-RSA 2011"]
[Site "Cape Town RSA"]
[Date "2011.12.01"]
[Round "7"]
[White "Dole,A"]
[Black "Mosetlhe,K"]
[Result "1/2-1/2"]
[WhiteElo "2113"]
[BlackElo "2138"]
[WhiteFideId "14301490"]
[BlackFideId "14301610"]
[EventDate "2011.11.26"]
[EventType "tourn"]

1. e4 e5 2. Nf3 Nc6 3. Bb5 a6 4. Ba4 Nf6 5. O-O Be7 6. Re1 b5 7. Bb3 O-O 8. a4
b4 9. d4 d6 10. dxe5 dxe5 11. Qxd8 Rxd8 12. Bg5 Rb8 13. Nbd2 h6 14. Bxf6 Bxf6
15. h3 Na5 16. Nc4 Nxc4 17. Bxc4 Rb6 18. Rad1 Rbd6 19. Rd3 Bb7 20. Nd2 Kf8 21.
Nb3 Rxd3 22. cxd3 Bc8 23. Rc1 Be7 24. Kf1 g6 25. Ke2 f5 26. Bd5 Bd6 27. Na5 Bd7
28. Nc6 Re8 29. Rc4 Kg7 30. b3 Kf6 31. Kd2 fxe4 32. dxe4 Kg5 33. Nxb4 Rf8 34. f3
Rb8 35. Kc3 a5 36. Na6 Rb6 37. Nxc7 Kf4 38. Bf7 Kg3 39. Nd5 Ra6 40. Ne3 Rb6 41.
Kc2 g5 42. Rc3 Rb7 43. Bd5 Rc7 44. Bc4 Bb4 45. Rd3 Bc6 46. Kd1 Kf2 47. Ng4+ Kxg2
48. Ke2 Kxh3 49. Nxe5 Be8 50. Rd8 Re7 51. Ng4 Bh5 52. Nf6 Bf7 53. Rh8 Bc3 54.
Rxh6+ Kg2 55. Nd5 Bxd5 56. Bxd5 Kg3 57. Rh1 Kf4 58. Rg1 1/2-1/2

[Event "45th ch-RSA 2011"]
[Site "Cape Town RSA"]
[Date "2011.12.01"]
[Round "7"]
[White "Van den Heever,D"]
[Black "Klaver,C"]
[Result "1-0"]
[WhiteTitle "CM"]
[WhiteElo "2287"]
[BlackElo "2098"]
[WhiteFideId "14300494"]
[BlackFideId "14301725"]
[EventDate "2011.11.26"]
[EventType "tourn"]

1. e4 c6 2. d4 d5 3. e5 Na6 4. Nf3 Qb6 5. h3 h6 6. Be2 Bf5 7. O-O e6 8. c4 dxc4
9. Nbd2 Bd3 10. Bxd3 cxd3 11. Nc4 Qc7 12. Qxd3 b5 13. Ne3 Nb4 14. Qb3 Rd8 15. a4
Qb8 16. Bd2 Nd5 17. axb5 Nxe3 18. fxe3 Rd5 19. Qc2 cxb5 20. Qc6+ Rd7 21. Ra5 Ne7
22. Qxb5 Qxb5 23. Rxb5 f5 24. exf6 gxf6 25. e4 Bg7 26. Rb8+ Rd8 27. Rxd8+ Kxd8
28. Ra1 Nc8 29. Ra6 Re8 30. Ba5+ Kd7 31. Ne1 Bf8 32. Nd3 Bd6 33. e5 fxe5 34.
dxe5 Be7 35. Bd2 Kc7 36. Rxe6 Rd8 37. Ba5+ Kd7 38. Rxe7+ Nxe7 39. Bxd8 Kxd8 40.
Kf2 Kd7 41. Kf3 a5 42. Kg4 Ke6 43. Kh5 Kf5 44. Kxh6 Ke4 45. Nc5+ Kd5 46. Nb3 a4
47. Nd2 Kd4 48. Nb1 Nd5 49. e6 Kd3 50. e7 Nxe7 51. Nc3 1-0

[Event "45th ch-RSA 2011"]
[Site "Cape Town RSA"]
[Date "2011.12.02"]
[Round "8"]
[White "Mosetlhe,K"]
[Black "Van den Heever,D"]
[Result "0-1"]
[BlackTitle "CM"]
[WhiteElo "2138"]
[BlackElo "2287"]
[WhiteFideId "14301610"]
[BlackFideId "14300494"]
[EventDate "2011.11.26"]
[EventType "tourn"]

1. Nf3 Nf6 2. g3 g6 3. Bg2 Bg7 4. O-O c5 5. d4 cxd4 6. Nxd4 O-O 7. c4 d5 8. cxd5
Nxd5 9. Nb5 a6 10. N5a3 Be6 11. e4 Nb4 12. Nc3 Nd3 13. Qe2 Bxc3 14. bxc3 Nxc1
15. Raxc1 Qa5 16. Qb2 Nd7 17. f4 Nc5 18. Rfd1 Rad8 19. Rxd8 Rxd8 20. Qb4 Qc7 21.
Bf1 Nxe4 0-1

[Event "45th ch-RSA 2011"]
[Site "Cape Town RSA"]
[Date "2011.12.02"]
[Round "8"]
[White "Van Rensburg,R"]
[Black "Cawdery,D"]
[Result "0-1"]
[BlackTitle "CM"]
[WhiteElo "2103"]
[BlackElo "2269"]
[WhiteFideId "14301261"]
[BlackFideId "14300249"]
[EventDate "2011.11.26"]
[EventType "tourn"]

1. d4 Nf6 2. c4 g6 3. Nc3 Bg7 4. e4 d6 5. f4 O-O 6. Nf3 c5 7. d5 e6 8. Bd3 exd5
9. cxd5 b5 10. O-O c4 11. Bc2 b4 12. Na4 Qa5 13. Re1 Re8 14. h3 Bd7 15. Nd2 Bb5
16. Rb1 Nbd7 17. b3 Bxa4 18. Nxc4 Qa6 19. bxa4 Qxc4 20. Bd3 0-1

[Event "45th ch-RSA 2011"]
[Site "Cape Town RSA"]
[Date "2011.12.02"]
[Round "8"]
[White "Klaasen,C"]
[Black "Ovcina,D"]
[Result "0-1"]
[WhiteElo "2093"]
[BlackElo "2249"]
[WhiteFideId "14300133"]
[BlackFideId "14300460"]
[EventDate "2011.11.26"]
[EventType "tourn"]

1. d4 Nf6 2. c4 g6 3. Nc3 Bg7 4. e4 d6 5. f3 O-O 6. Nge2 a6 7. Be3 c6 8. a4 Nbd7
9. Qd2 Rb8 10. Nc1 e5 11. Be2 exd4 12. Bxd4 Ne5 13. c5 Be6 14. b3 Ned7 15. cxd6
c5 16. Be3 Ne8 17. Rb1 Nxd6 18. Nd5 Bxd5 19. Qxd5 Bc3+ 20. Kf2 Nf6 21. Qd3 Qe7
22. Rd1 Rfd8 23. Qc2 Be5 24. g3 Rbc8 25. Kg2 b5 26. Nd3 Bd4 27. Bxd4 cxd4 28.
Qb2 Nb7 29. axb5 axb5 30. Rbc1 Na5 31. Ra1 Nc6 32. Rdc1 Re8 33. Qd2 Ne5 34. Rxc8
Rxc8 35. Rc1 Rxc1 36. Nxc1 Qc5 37. b4 Qb6 38. Nb3 Nc6 39. g4 Ne8 40. Nc5 Nd6 41.
Qa2 Qd8 42. Qd5 Nxb4 43. Qxd4 Nc6 44. Qd5 Nb4 45. Qd2 Nc6 46. Qd5 Ne7 47. Qd4
Qb6 48. Ne6 Qxd4 49. Nxd4 b4 50. Kf2 g5 51. e5 Nb7 52. Ke3 Nc5 53. Bc4 Kf8 54.
Kd2 Ng6 55. e6 Ne5 56. Bd5 fxe6 57. Bxe6 Ke7 58. Bg8 h6 59. Kc2 Kf6 60. Bd5 Ned3
61. Nf5 Ke5 62. Bg8 Ne1+ 63. Kb2 Nxf3 64. Nxh6 Nxh2 65. Bc4 Kf4 66. Be2 Ke3 67.
Bc4 Nf3 68. Nf7 Kf4 69. Be2 Nd4 70. Bd1 Nd3+ 0-1

[Event "45th ch-RSA 2011"]
[Site "Cape Town RSA"]
[Date "2011.12.03"]
[Round "9"]
[White "Steel,H"]
[Black "Van Rensburg,R"]
[Result "1-0"]
[WhiteTitle "FM"]
[WhiteElo "2388"]
[BlackElo "2103"]
[WhiteFideId "14300567"]
[BlackFideId "14301261"]
[EventDate "2011.11.26"]
[EventType "tourn"]

1. e4 c5 2. Nf3 Nc6 3. d4 cxd4 4. Nxd4 Nf6 5. Nc3 e5 6. Ndb5 d6 7. Bg5 a6 8. Na3
b5 9. Nd5 Be7 10. Bxf6 Bxf6 11. c4 b4 12. Nc2 Rb8 13. b3 Bg5 14. Be2 f5 15. exf5
Bxf5 16. Nce3 Bg6 17. Bh5 Bxh5 18. Qxh5+ g6 19. Qg4 O-O 20. h4 Bxe3 21. fxe3 Qc8
22. Qxc8 Rbxc8 23. Ke2 a5 24. g4 Kf7 25. g5 Ne7 26. Rhf1+ Ke6 27. Nxe7 Kxe7 28.
Kd3 Rf5 29. Ke4 Ke6 30. Rad1 Rc6 31. Rf3 a4 32. Rdf1 Rc7 1-0

[Event "45th ch-RSA 2011"]
[Site "Cape Town RSA"]
[Date "2011.12.03"]
[Round "9"]
[White "Dole,A"]
[Black "Kobese,W"]
[Result "0-1"]
[BlackTitle "IM"]
[WhiteElo "2113"]
[BlackElo "2355"]
[WhiteFideId "14301490"]
[BlackFideId "14300141"]
[EventDate "2011.11.26"]
[EventType "tourn"]

1. e4 e6 2. d4 d5 3. Nd2 Nf6 4. e5 Nfd7 5. Bd3 c5 6. c3 b6 7. f4 Ba6 8. Bb1 Nc6
9. Ndf3 cxd4 10. cxd4 Bb4+ 11. Kf2 Rc8 12. Ne2 f6 13. g3 O-O 14. Kg2 Qe8 15. a3
Be7 16. exf6 Bxf6 17. Re1 g6 18. Nc3 Qf7 19. Ba2 Kh8 20. Be3 Na5 21. Rc1 Nc4 22.
Qa4 Nb8 23. Bxc4 Rxc4 24. Qd1 Rfc8 25. Ne5 Bxe5 26. fxe5 Rf8 27. Rc2 Qe7 28. Qd2
Qf7 29. Qd1 Qe7 30. Qc1 Nd7 31. Bg5 Qf7 32. Qe3 Qf5 33. Rd2 Rcc8 34. Bf6+ Nxf6
35. exf6 Rxf6 36. Rf2 Qxf2+ 37. Qxf2 Rxf2+ 38. Kxf2 Rf8+ 39. Ke3 Kg7 40. Ne2
Bxe2 41. Rxe2 Rc8 42. Kd3 Kf6 43. g4 Ke7 44. g5 h6 45. gxh6 Rh8 46. Ke3 Rxh6 47.
Kf4 Rh4+ 48. Kg5 Rxd4 49. Kxg6 Rg4+ 50. Kh5 Rg8 0-1

[Event "45th ch-RSA 2011"]
[Site "Cape Town RSA"]
[Date "2011.12.03"]
[Round "9"]
[White "Van den Heever,D"]
[Black "Bouah,L"]
[Result "1/2-1/2"]
[WhiteTitle "CM"]
[BlackTitle "CM"]
[WhiteElo "2287"]
[BlackElo "2148"]
[WhiteFideId "14300494"]
[BlackFideId "14300052"]
[EventDate "2011.11.26"]
[EventType "tourn"]

1. e4 c5 2. Nf3 Nc6 3. d4 cxd4 4. Nxd4 e5 5. Nb5 d6 6. c4 a6 7. N5a3 Nf6 8. Nc3
Be7 9. Nc2 O-O 10. Be2 Be6 11. O-O Rc8 12. b3 Qa5 13. Bd2 Qc7 14. Be3 Qb8 15. a4
Rfe8 16. Qd2 Bf8 17. f3 Nd7 18. Rab1 g6 19. Rfd1 f5 20. exf5 gxf5 21. Bh6 Be7
22. Nd5 Bd8 23. Bg5 Kh8 24. Bxd8 1/2-1/2

[Event "45th ch-RSA 2011"]
[Site "Cape Town RSA"]
[Date "2011.12.03"]
[Round "9"]
[White "Klaver,C"]
[Black "Mosetlhe,K"]
[Result "1/2-1/2"]
[WhiteElo "2098"]
[BlackElo "2138"]
[WhiteFideId "14301725"]
[BlackFideId "14301610"]
[EventDate "2011.11.26"]
[EventType "tourn"]

1. d4 g6 2. c4 Bg7 3. Nc3 Nf6 4. e4 d6 5. h3 O-O 6. Bd3 Nfd7 7. Nf3 e5 8. Bg5 f6
9. Be3 Nc6 10. d5 Ne7 11. g4 Nc5 12. Bc2 a5 13. Rg1 b6 14. Qd2 Bd7 15. O-O-O Qc8
16. Nh4 Rf7 17. Ng2 a4 18. f4 Qa6 19. Qe2 Rb8 20. f5 g5 21. h4 h6 22. Kd2 b5 23.
Bxc5 dxc5 24. cxb5 Bxb5 25. Nxb5 Rxb5 26. Qc4 Nc8 27. Qxa4 Qxa4 28. Bxa4 Rxb2+
29. Kc3 Re2 30. Rde1 Rf2 31. hxg5 hxg5 32. Ref1 Rxf1 33. Rxf1 Nd6 34. Kd3 c4+
35. Ke3 Bf8 36. Rh1 c5 37. Bc6 Be7 38. Kf3 Rf8 39. Ne3 Rb8 40. Rc1 Rb2 41. Nxc4
Nxc4 42. Rxc4 1/2-1/2

[Event "45th ch-RSA 2011"]
[Site "Cape Town RSA"]
[Date "2011.12.03"]
[Round "10"]
[White "Hercules,B"]
[Black "Mosetlhe,K"]
[Result "1/2-1/2"]
[WhiteElo "2056"]
[BlackElo "2138"]
[WhiteFideId "14301938"]
[BlackFideId "14301610"]
[EventDate "2011.11.26"]
[EventType "tourn"]

1. d4 Nf6 2. c4 g6 3. Nc3 d5 4. Nf3 Bg7 5. Qb3 dxc4 6. Qxc4 O-O 7. e4 Nc6 8. Be2
Bg4 9. d5 Bxf3 10. gxf3 Ne5 11. Qb3 c6 12. f4 Ned7 13. Be3 cxd5 14. e5 Ne8 15.
Qxd5 Qc8 16. Bf3 Nc7 17. Qxb7 Qxb7 18. Bxb7 Rab8 19. Bc6 Nb6 20. Bc5 Ne6 21.
Bxe7 Nxf4 22. Bxf8 Kxf8 23. O-O-O Bxe5 24. Rhe1 f6 25. Kc2 Rc8 26. Bf3 Nc4 27.
Rd7 Ne6 28. Bd5 Nd4+ 29. Kc1 Bf4+ 30. Kb1 Nd2+ 31. Kc1 Nc4+ 1/2-1/2

[Event "45th ch-RSA 2011"]
[Site "Cape Town RSA"]
[Date "2011.12.03"]
[Round "10"]
[White "Kobese,W"]
[Black "Van den Heever,D"]
[Result "1-0"]
[WhiteTitle "IM"]
[BlackTitle "CM"]
[WhiteElo "2355"]
[BlackElo "2287"]
[WhiteFideId "14300141"]
[BlackFideId "14300494"]
[EventDate "2011.11.26"]
[EventType "tourn"]

1. e4 c5 2. Nf3 d6 3. d4 cxd4 4. Nxd4 Nf6 5. Nc3 g6 6. Be3 Bg7 7. f3 O-O 8. Qd2
Nc6 9. Bc4 Bd7 10. Bb3 Na5 11. h4 Rc8 12. h5 Nxh5 13. g4 Nf6 14. Bh6 Bxh6 15.
Qxh6 e6 16. g5 Nh5 17. Rxh5 gxh5 18. Nf5 exf5 19. Nd5 Kh8 20. Nf6 Qxf6 21. gxf6
Rg8 22. Bxf7 Rg3 23. Kf2 f4 24. Qxf4 1-0

[Event "45th ch-RSA 2011"]
[Site "Cape Town RSA"]
[Date "2011.12.03"]
[Round "10"]
[White "Klaasen,C"]
[Black "Steel,H"]
[Result "0-1"]
[BlackTitle "FM"]
[WhiteElo "2093"]
[BlackElo "2388"]
[WhiteFideId "14300133"]
[BlackFideId "14300567"]
[EventDate "2011.11.26"]
[EventType "tourn"]

1. d4 Nf6 2. c4 g6 3. Nc3 Bg7 4. e4 O-O 5. f3 d6 6. Nge2 c5 7. d5 e6 8. Ng3 exd5
9. cxd5 Nbd7 10. Be2 h5 11. O-O h4 12. Nh1 Nh5 13. Be3 f5 14. f4 Nhf6 15. exf5
gxf5 16. Bf3 Ne4 17. Bxe4 fxe4 18. Qh5 Nf6 19. Qxh4 b5 20. Rfd1 b4 21. Ne2 Ng4
22. Qg3 Nxe3 23. Qxe3 Bg4 24. Nhg3 Bxb2 25. Rab1 Bg7 26. h3 Bxe2 27. Nxe2 Qe7
28. g4 Rae8 29. Kg2 a5 30. Rbc1 a4 31. Rc4 a3 32. Kg3 Bf6 33. Rh1 Bh4+ 34. Kg2
Qf7 35. Rd1 Bg5 36. Kg3 Qh7 37. Rh1 Qh4+ 38. Kg2 b3 39. axb3 Bf6 40. Ra4 Ra8 41.
Nc1 Rxa4 42. bxa4 Bd4 43. Qe1 Qxe1 44. Rxe1 Rb8 45. Re2 Rb2 46. Kf1 Rb1 47. Rc2
Bb2 0-1

[Event "45th ch-RSA 2011"]
[Site "Cape Town RSA"]
[Date "2011.12.03"]
[Round "10"]
[White "Ovcina,D"]
[Black "Cawdery,D"]
[Result "1/2-1/2"]
[BlackTitle "CM"]
[WhiteElo "2249"]
[BlackElo "2269"]
[WhiteFideId "14300460"]
[BlackFideId "14300249"]
[EventDate "2011.11.26"]
[EventType "tourn"]

1. d4 Nf6 2. Nf3 g6 3. Bf4 Bg7 4. Nbd2 c5 5. e3 Nc6 6. c3 d6 7. Bc4 O-O 8. h3 d5
9. Be2 Nd7 10. O-O e5 11. dxe5 Ndxe5 12. Nxe5 Nxe5 13. Nf3 Nxf3+ 14. Bxf3 Be6
15. Qa4 Qb6 1/2-1/2

[Event "45th ch-RSA 2011"]
[Site "Cape Town RSA"]
[Date "2011.12.04"]
[Round "11"]
[White "Cawdery,D"]
[Black "Hercules,B"]
[Result "1-0"]
[WhiteTitle "CM"]
[WhiteElo "2269"]
[BlackElo "2056"]
[WhiteFideId "14300249"]
[BlackFideId "14301938"]
[EventDate "2011.11.26"]
[EventType "tourn"]

1. e4 e5 2. Nf3 Nc6 3. d4 exd4 4. Bc4 Nf6 5. O-O Nxe4 6. Re1 d5 7. Bxd5 Qxd5 8.
Nc3 Qh5 9. Nxe4 Be6 10. Bg5 h6 11. Bf6 Qd5 12. c3 dxc3 13. Qa4 Qa5 14. Qxa5 Nxa5
15. Bxc3 Nc4 16. b3 Nd6 17. Nc5 Nb5 18. Nxe6 fxe6 19. Bb2 O-O-O 20. a4 Nd6 21.
Rxe6 Rg8 22. Ree1 Nf5 23. g4 Rd3 24. Re8+ 1-0